Normal view MARC view

Entry Personal Name

Number of records used in: 1

001 - CONTROL NUMBER

  • control field: 10097

003 - CONTROL NUMBER IDENTIFIER

  • control field: DLC

005 - DATE AND TIME OF LATEST TRANSACTION

  • control field: 20231208135129.0

008 - FIXED-LENGTH DATA ELEMENTS

  • fixed length control field: 130307n| azannaabn |n aaa

010 ## - LIBRARY OF CONGRESS CONTROL NUMBER

  • LC control number: n 2013012172

040 ## - CATALOGING SOURCE

  • Original cataloging agency: DLC
  • Language of cataloging: eng
  • Transcribing agency: DLC
  • Description conventions: rda

046 ## - SPECIAL CODED DATES

  • Birth date: 19690630

100 1# - HEADING--PERSONAL NAME

  • Personal name: Yadav, Bhupender,
  • Dates associated with a name: 1969-

373 ## - ASSOCIATED GROUP

  • Associated group: India. Parliament. Rajya Sabha
  • Source of term: naf

375 ## - GENDER

  • Gender: male

670 ## - SOURCE DATA FOUND

  • Source citation: Supreme Court on forest conservation, 2005:
  • Information found: t.p. (Bhupender Yadav) cover, p. 4 (advocate, Supreme Court of India; gen. secy., All India Lawyers Body)

670 ## - SOURCE DATA FOUND

  • Source citation: Rajya Sabha WWW site, viewed Mar. 7, 2013
  • Information found: (Bhupender Yadav; member of Parliament; Rajasthan; BJP; b. June 30, 1969)

Powered by Koha